000 00312nam a2200145Ia 4500
100 _aRiordan/Rebecca M
650 _aADO.NET
942 _cBK
245 _aMicrosoft ADO.NET step by step
260 _bMicrosoft
_c2002
082 _a5.75
_bRIO
300 _a512
546 _aENGLISH
_cPAMPHALETS
999 _c23287
_d23287